| 000 | 01270nam0a2200301 4500 | ||
|---|---|---|---|
| 001 | RU\NLR\bibl\1146682 | ||
| 005 | 20260409065512.0 | ||
| 010 |
_a5-17-037294-9 _95000 |
||
| 021 |
_aRU _b2007-64308 _93431 |
||
| 035 | _a(NLR Aleph) 001133499 | ||
| 090 |
_a1372777 _c1372777 |
||
| 100 | _a20071029d2006 |||y0rusy50 ca | ||
| 101 | 0 |
_aeng _arus |
|
| 102 | _aRU | ||
| 105 | _aa ||||||||| | ||
| 200 | 1 |
_aПрактическая грамматика английского языка _e[учебное пособие] _fВ.С. Аганесов, А.А. Меликян _gФедер. агентство по образованию, Пятигор. гос. лингвист. ун-т |
|
| 210 |
_aМосква _cАСТ _cВосток-Запад _d2006 |
||
| 215 |
_a95,[1] с. _cил. _d21 |
||
| 606 |
_aАнглийский язык _xГрамматика _jУчебные издания для высших учебных заведений _3RU\NLR\auth\6644367 _9969198 |
||
| 686 | _aШ143.21-93рус3-2 | ||
| 700 | 1 |
_aАганесов _bВ. С. _4070 |
|
| 701 | 1 |
_aМеликян _bА. А. _gАнуш Александровна _4070 |
|
| 801 | 0 |
_aRU _bNLR _c20071029 _gRCR |
|
| 801 | 1 |
_aRU _bNLR _c20071029 |
|
| 830 | _aпо ЭК | ||
| 942 | _cBOOK | ||
| 980 | _aNB | ||